[Event "Autunno Scacchistico Magistrale"]
[Site "Venezia ITA"]
[Date "2002.10.??"]
[Round "3"]
[White "Cacco, Christian"]
[Black "Pechy, Alaster"]
[Result "1-0"]
[WhiteElo "2298"]
[BlackElo "1900"]
[PlyCount "107"]
[EventDate "2002.10.31"]

1. d4 Nf6 2. Nf3 g6 3. g3 Bg7 4. Bg2 O-O 5. O-O d5 6. Nbd2 c6 7. Re1 Nbd7 8. c3
a5 9. h3 h6 10. a4 Qb6 11. e4 Nxe4 12. Nxe4 dxe4 13. Rxe4 e6 14. Re2 Rd8 15.
Be3 Qc7 16. Qc1 Kh7 17. Bf4 Qb6 18. Be5 Nxe5 19. Nxe5 Qc7 20. Qf4 Bxe5 21. dxe5
Qe7 22. Rd2 Bd7 23. Rad1 Be8 24. Rd6 Rd7 25. Rxd7 Bxd7 26. Qd4 Be8 27. Qb6 Kg7
28. Rd6 Ra6 29. Qd4 Ra8 30. h4 h5 31. Be4 Rc8 32. Qb6 Qc7 33. Qe3 Qe7 34. Qc5
Qc7 35. c4 Rd8 36. b3 b6 37. Qd4 c5 38. Qd2 Rxd6 39. exd6 Qd7 40. Bf3 e5 41.
Qd5 f6 42. Qa8 f5 43. Bd5 f4 44. Kh2 g5 45. hxg5 fxg3+ 46. fxg3 h4 47. Qb7
hxg3+ 48. Kxg3 Kg6 49. Qxd7 Bxd7 50. Kh4 Kf5 51. Be4+ Ke6 52. g6 Kxd6 53. g7
Be6 54. Bd5 1-0

[Event "Autunno Scacchistico Magistrale"]
[Site "Venezia ITA"]
[Date "2002.10.??"]
[Round "3"]
[White "Cristiani, Cesare"]
[Black "Bianchi, Andrea"]
[Result "1/2-1/2"]
[WhiteElo "2141"]
[BlackElo "2131"]
[PlyCount "50"]
[EventDate "2002.10.31"]

1. d4 d5 2. c4 e6 3. Nf3 Nf6 4. e3 Be7 5. Nc3 O-O 6. Be2 b6 7. O-O Bb7 8. cxd5
exd5 9. b3 Nbd7 10. Bb2 Ne4 11. Qc2 Rc8 12. Rac1 c5 13. Rfd1 Ndf6 14. dxc5 Nxf2
15. Kxf2 Ng4+ 16. Kg1 Nxe3 17. Qd2 Bxc5 18. Nd4 Nxd1 19. Nxd1 Qe7 20. Bf1 Rfe8
21. Nf2 Bxd4 22. Qxd4 f6 23. Rd1 Qe5 24. Qd2 Qe3 25. Qxe3 Rxe3 1/2-1/2

[Event "Autunno Scacchistico Magistrale"]
[Site "Venezia ITA"]
[Date "2002.10.??"]
[Round "3"]
[White "Di Lazzaro, Gabriele"]
[Black "Pietrobon, Fabio"]
[Result "1-0"]
[WhiteElo "1985"]
[BlackElo "2222"]
[PlyCount "63"]
[EventDate "2002.10.31"]

1. e4 c5 2. c3 Nf6 3. e5 Nd5 4. d4 cxd4 5. Nf3 Nc6 6. cxd4 e6 7. a3 d6 8. Bd3
dxe5 9. dxe5 Bc5 10. O-O Bd7 11. Qc2 Bb6 12. Bxh7 Qe7 13. Bg5 f6 14. Bg6+ Kd8
15. exf6 gxf6 16. Bh4 Nd4 17. Nxd4 Rxh4 18. Nf3 Rh6 19. Be4 Bc6 20. Nc3 Nxc3
21. Bxc6 Nd5 22. Bxd5 exd5 23. Rfe1 Qd6 24. Rad1 d4 25. Qe4 Rc8 26. b4 Rh8 27.
h3 Rc4 28. Qxb7 d3 29. Qa8+ Rc8 30. Qe4 Rc3 31. a4 Rc2 32. Rxd3 1-0

[Event "Autunno Scacchistico Magistrale"]
[Site "Venezia ITA"]
[Date "2002.10.??"]
[Round "3"]
[White "Drazic, Sinisa"]
[Black "Doric, Darko"]
[Result "1/2-1/2"]
[WhiteElo "2465"]
[BlackElo "2226"]
[PlyCount "153"]
[EventDate "2002.10.31"]

1. d4 d5 2. c4 e6 3. Nf3 Nf6 4. g3 Be7 5. Bg2 dxc4 6. Qa4+ Bd7 7. Qxc4 Bc6 8.
O-O O-O 9. Nc3 Ne4 10. Bf4 Nxc3 11. Qxc3 Bd6 12. Rac1 Bxf4 13. gxf4 Nd7 14. e3
Nf6 15. a3 a6 16. Ne5 Bxg2 17. Kxg2 Qd5+ 18. f3 Rac8 19. Kf2 Nd7 20. Nd3 f6 21.
Ke2 Qb5 22. Qc4 Qxc4 23. Rxc4 c6 24. Rfc1 Kf7 25. a4 a5 26. b3 Ra8 27. e4 Rfe8
28. Ke3 Re7 29. R4c2 Ra6 30. Rc3 Ra7 31. Rg1 g6 32. Rg2 Ra8 33. Rgc2 Ra7 34.
Rd2 Ra8 35. Nb2 Nb8 36. Nc4 Na6 37. Nxa5 Nb4 38. Nc4 Nd5+ 39. exd5 exd5+ 40.
Kd3 dxc4+ 41. Kxc4 Ra5 42. d5 cxd5+ 43. Rxd5 Rc7+ 44. Kb4 Rxc3 45. Rxa5 Rxf3
46. Rb5 Rxf4+ 47. Kc3 Rh4 48. Rxb7+ Ke6 49. a5 Rxh2 50. a6 Ra2 51. Rb6+ Ke5 52.
b4 h5 53. Rb5+ Kd6 54. Rb6+ Ke5 55. Kb3 Ra1 56. Rb5+ Kd6 57. Rb6+ Ke5 58. Kb2
Ra4 59. Kb3 Ra1 60. b5 h4 61. Rb7 h3 62. Rh7 Kd5 63. Kb4 Rb1+ 64. Ka5 Kc5 65.
Rc7+ Kd6 66. Rc2 Ra1+ 67. Kb6 g5 68. Rd2+ Ke7 69. Rh2 g4 70. Ka7 Ra3 71. b6 g3
72. Rxh3 g2 73. Rxa3 g1=Q 74. Rc3 Qd4 75. Rc8 f5 76. Kb7 Qd5+ 77. Kb8 1/2-1/2

[Event "Autunno Scacchistico Magistrale"]
[Site "Venezia ITA"]
[Date "2002.10.??"]
[Round "3"]
[White "Genocchio, Daniele"]
[Black "Mufic, Goran"]
[Result "1/2-1/2"]
[WhiteElo "2345"]
[BlackElo "2354"]
[PlyCount "39"]
[EventDate "2002.10.31"]

1. e4 c6 2. d4 d5 3. Nc3 dxe4 4. Nxe4 Nd7 5. Ng5 Ngf6 6. Bd3 e6 7. N1f3 Bd6 8.
Qe2 h6 9. Ne4 Nxe4 10. Qxe4 c5 11. Be3 Qc7 12. Qg4 Kf8 13. dxc5 Bxc5 14. O-O-O
Nf6 15. Bxc5+ Qxc5 16. Qf4 Ke7 17. Rhe1 Rd8 18. Ne5 Bd7 19. Bc4 Bc6 20. Nxc6+
1/2-1/2

[Event "Autunno Scacchistico Magistrale"]
[Site "Venezia ITA"]
[Date "2002.10.??"]
[Round "3"]
[White "Halmeenmaki, Tuomo"]
[Black "Artizzu, Giulio"]
[Result "0-1"]
[WhiteElo "2173"]
[BlackElo "2044"]
[PlyCount "74"]
[EventDate "2002.10.31"]

1. Nf3 Nf6 2. g3 g6 3. b4 Bg7 4. Bb2 c6 5. Bg2 O-O 6. O-O d6 7. d3 a5 8. a3
axb4 9. axb4 Rxa1 10. Bxa1 Na6 11. c3 Nd5 12. d4 Qc7 13. Nfd2 b5 14. Na3 Nb6
15. e4 Bd7 16. Qe2 Ra8 17. Bb2 Na4 18. Ba1 Nb6 19. Bb2 Na4 20. Ba1 e5 21. Rc1
exd4 22. cxd4 Qb6 23. Nc2 Re8 24. Qd3 c5 25. dxc5 dxc5 26. Bxg7 Kxg7 27. Nc4
Qc7 28. Nd6 Re6 29. Rd1 cxb4 30. Bh3 Rxd6 31. Qxd6 Qxd6 32. Rxd6 Bxh3 33. Rxa6
b3 34. Na3 b2 35. Nb1 Be6 36. Ra5 Ba2 37. Nd2 Nc3 0-1

[Event "Autunno Scacchistico Magistrale"]
[Site "Venezia ITA"]
[Date "2002.10.??"]
[Round "3"]
[White "Lain, Luigi"]
[Black "Navarro, Stefano"]
[Result "1/2-1/2"]
[WhiteElo "2199"]
[BlackElo "2126"]
[PlyCount "81"]
[EventDate "2002.10.31"]

1. d4 d5 2. c4 e6 3. Nc3 c6 4. Bf4 Bd6 5. Bxd6 Qxd6 6. e3 Nf6 7. Nf3 Nbd7 8.
Be2 O-O 9. O-O Re8 10. Qb3 dxc4 11. Bxc4 b5 12. Be2 a6 13. Rfd1 Qe7 14. Rac1 c5
15. dxc5 Nxc5 16. Qb4 Ncd7 17. Qxe7 Rxe7 18. a4 b4 19. Na2 a5 20. Bb5 g6 21. e4
Ba6 22. Bxa6 Rxa6 23. Rc7 Kf8 24. Nc1 Ra8 25. Rd6 Ke8 26. Nd2 Ne5 27. Rc5 Rd7
28. Rxd7 Nfxd7 29. Rb5 Rc8 30. Ncb3 Rc2 31. Rxa5 Rxb2 32. Kf1 Kd8 33. Rb5 Nc6
34. Ke1 Kc7 35. Kd1 Nde5 36. Nc5 Ra2 37. h3 Ra1+ 38. Kc2 Ra2+ 39. Kc1 Nd4 40.
Na6+ Kd6 41. Nxb4 1/2-1/2

[Event "Autunno Scacchistico Magistrale"]
[Site "Venezia ITA"]
[Date "2002.10.??"]
[Round "3"]
[White "Molina, Fabrizio"]
[Black "Maksimenko, Andrei"]
[Result "0-1"]
[WhiteElo "2253"]
[BlackElo "2507"]
[PlyCount "104"]
[EventDate "2002.10.31"]

1. c4 e6 2. Nf3 d5 3. b3 Nf6 4. Bb2 c5 5. g3 Nc6 6. Bg2 d4 7. d3 e5 8. O-O Be7
9. e4 Bg4 10. Nbd2 Nd7 11. Re1 O-O 12. h3 Bh5 13. Nf1 Re8 14. Bc1 a6 15. a3 Rb8
16. Bd2 b5 17. Qc2 Rb6 18. Rab1 Qc7 19. g4 Bg6 20. h4 h5 21. g5 Reb8 22. Ng3
Nf8 23. Nf5 Ne6 24. Bh3 Bf8 25. Rec1 Qb7 26. Rb2 bxc4 27. Qxc4 Rxb3 28. Rxb3
Qxb3 29. Qxa6 Rb6 30. Qc4 Qxc4 31. Rxc4 Rb3 32. Bf1 Rxa3 33. Be2 f6 34. Ng3 Nf4
35. Bxf4 exf4 36. Nf1 Nb4 37. gxf6 gxf6 38. N1d2 Bf7 39. Nb1 Ra1 40. Rc1 Na2
41. Rf1 Nb4 42. Kg2 Ra2 43. Nfd2 Bh6 44. Re1 Nc2 45. Rc1 Kh7 46. Kf1 Nb4 47.
Re1 Rb2 48. f3 Bf8 49. Kf2 Ba2 50. Rd1 c4 51. Na3 Nxd3+ 52. Bxd3 Bxa3 0-1

[Event "Autunno Scacchistico Magistrale"]
[Site "Venezia ITA"]
[Date "2002.10.??"]
[Round "3"]
[White "Navarro, Emanuele"]
[Black "Trabert, Bettina"]
[Result "1/2-1/2"]
[WhiteElo "2126"]
[BlackElo "2319"]
[PlyCount "49"]
[EventDate "2002.10.31"]

1. e4 e5 2. Nf3 Nc6 3. d4 exd4 4. Bc4 Nf6 5. O-O Nxe4 6. Re1 d5 7. Bxd5 Qxd5 8.
Nc3 Qa5 9. Nxe4 Be6 10. Bd2 Qf5 11. Bg5 h6 12. Bh4 Qg4 13. h3 Qh5 14. Bf6 Qg6
15. Nh4 Qh7 16. f4 Be7 17. Bxe7 Nxe7 18. Qxd4 O-O 19. Rad1 Nf5 20. Nxf5 Bxf5
21. g4 Bxe4 22. Qxe4 Qxe4 23. Rxe4 Rfd8 24. Red4 Rxd4 25. Rxd4 1/2-1/2

[Event "Autunno Scacchistico Magistrale"]
[Site "Venezia ITA"]
[Date "2002.10.??"]
[Round "3"]
[White "Opacic, Alexandar"]
[Black "Faccia, Sergio"]
[Result "1-0"]
[WhiteElo "2088"]
[BlackElo "2017"]
[PlyCount "123"]
[EventDate "2002.10.31"]

1. e4 e5 2. Nf3 Nc6 3. Bc4 Nf6 4. Nc3 Bc5 5. d3 d6 6. h3 O-O 7. Bg5 h6 8. Bd2
Na5 9. Bb3 Nxb3 10. axb3 a6 11. Ne2 d5 12. Ng3 dxe4 13. dxe4 Be6 14. Bc3 Qe7
15. Bxe5 Nh7 16. O-O Ng5 17. Nxg5 Qxg5 18. Qh5 c6 19. Qxg5 hxg5 20. Rfd1 Rad8
21. Kf1 g4 22. hxg4 Bxg4 23. f3 Bc8 24. Bc7 Rxd1+ 25. Rxd1 Be6 26. Ke2 Re8 27.
Nh5 f6 28. Nf4 Bc8 29. Nd3 Be7 30. b4 Kf7 31. c3 Rh8 32. e5 fxe5 33. Nxe5+ Kf6
34. Nd3 Rh5 35. Nf2 Kf7 36. Ne4 Be6 37. Bd8 Bc4+ 38. Kf2 Bf8 39. Rd7+ Ke8 40.
Rd2 Bd5 41. Bb6 Be7 42. Re2 Kf7 43. Bd4 Rh1 44. Be5 Bc4 45. Rd2 Ke6 46. Bxg7
Bh4+ 47. g3 Be7 48. Kg2 Re1 49. Bd4 Kf5 50. Bc5 Bxc5 51. bxc5 Bd5 52. Nd6+ Kg5
53. Nxb7 Re3 54. Rf2 Rxf3 55. Rxf3 Kg4 56. Nd8 Bxf3+ 57. Kf2 Bd5 58. Nb7 Bf7
59. Nd6 Be6 60. Ne4 Bb3 61. Ke3 a5 62. Kd4 1-0

[Event "Autunno Scacchistico Magistrale"]
[Site "Venezia ITA"]
[Date "2002.10.??"]
[Round "3"]
[White "Pegoraro, Nicola"]
[Black "Redo, Giorgio"]
[Result "1-0"]
[WhiteElo "2077"]
[BlackElo "1957"]
[PlyCount "91"]
[EventDate "2002.10.31"]

1. e4 e5 2. Nf3 Nc6 3. d4 exd4 4. Bc4 Nf6 5. O-O d6 6. Nxd4 Nxd4 7. Qxd4 Be7 8.
Nc3 O-O 9. Bg5 Bd7 10. Rad1 Ng4 11. Bxe7 Qxe7 12. h3 Ne5 13. Nd5 Qd8 14. Be2 f5
15. f4 Nc6 16. Qc4 Be6 17. exf5 Rxf5 18. Bg4 Bxd5 19. Rxd5 Rxd5 20. Qxd5+ Kh8
21. Qb3 Qe8 22. Qc3 Qf7 23. Bf3 Qf6 24. Qxf6 gxf6 25. Bxc6 bxc6 26. Re1 Rb8 27.
b3 Rg8 28. Re7 Rg7 29. Re6 Rg6 30. f5 Rg5 31. Rxf6 Kg7 32. Re6 Rxf5 33. Re7+
Rf7 34. Rxf7+ Kxf7 35. Kf2 Kf6 36. Kf3 Ke5 37. g4 c5 38. h4 d5 39. Ke3 a5 40.
Kf3 Kd4 41. g5 Ke5 42. Kg4 Ke6 43. Kf4 c6 44. h5 d4 45. Ke4 Kf7 46. Ke5 1-0

[Event "Autunno Scacchistico Magistrale"]
[Site "Venezia ITA"]
[Date "2002.10.??"]
[Round "3"]
[White "Rigo, Gianfrancesco"]
[Black "Ramesa, Marin"]
[Result "1-0"]
[WhiteElo "2003"]
[BlackElo "2137"]
[PlyCount "63"]
[EventDate "2002.10.31"]

1. e4 c5 2. Nf3 Nc6 3. d4 cxd4 4. Nxd4 Qc7 5. Nc3 e6 6. g3 a6 7. Bg2 Nf6 8. Bf4
e5 9. Nxc6 dxc6 10. Bg5 Be7 11. O-O Be6 12. Qe2 O-O 13. a4 b5 14. axb5 axb5 15.
b3 h6 16. Bd2 Rxa1 17. Rxa1 Rd8 18. Nd1 Bc5 19. Ne3 b4 20. Be1 Bd4 21. Ra6 Qb7
22. Nf5 Bc3 23. Bxc3 bxc3 24. Bf1 Rd2 25. Qe3 Ng4 26. Qxc3 Rxf2 27. Qd3 Rxh2
28. Qd8+ Kh7 29. Ne7 f5 30. Ra8 Qxa8 31. Qxa8 Rxc2 32. exf5 1-0

[Event "Autunno Scacchistico Magistrale"]
[Site "Venezia ITA"]
[Date "2002.10.??"]
[Round "3"]
[White "Roberti, Ignazio"]
[Black "Pastres, Roberto"]
[Result "0-1"]
[WhiteElo "2032"]
[BlackElo "2195"]
[PlyCount "86"]
[EventDate "2002.10.31"]

1. e4 c5 2. Nf3 e6 3. d4 cxd4 4. Nxd4 a6 5. Bd3 g6 6. O-O Bg7 7. c3 Ne7 8. Nd2
Nbc6 9. N2f3 Qc7 10. Be3 d5 11. Qd2 O-O 12. Bh6 e5 13. Bxg7 Kxg7 14. exd5 Nxd5
15. Nxc6 bxc6 16. Rfe1 f6 17. h3 Rd8 18. Bf1 c5 19. Rad1 Bb7 20. Qe2 Re8 21.
Nd2 e4 22. Qc4 e3 23. Nf3 Nf4 24. Rxe3 Rxe3 25. fxe3 Nxh3+ 26. gxh3 Bxf3 27.
Rd2 Qg3+ 28. Bg2 Qe1+ 29. Qf1 Qxd2 30. Qxf3 Rb8 31. Qf4 Rxb2 32. Qc7+ Kf8 33.
Qxc5+ Ke8 34. Bc6+ Kd8 35. Qa5+ Ke7 36. Qc7+ Ke6 37. Qc8+ Ke5 38. Qe8+ Kd6 39.
Qd7+ Kc5 40. Qa7+ Kxc6 41. Qxa6+ Kd7 42. Qa7+ Ke6 43. Qa6+ Qd6 0-1

[Event "Autunno Scacchistico Magistrale"]
[Site "Venezia ITA"]
[Date "2002.10.??"]
[Round "3"]
[White "Rombaldoni, Denis"]
[Black "Viola, Matteo"]
[Result "0-1"]
[WhiteElo "2061"]
[BlackElo "1913"]
[PlyCount "48"]
[EventDate "2002.10.31"]

1. d4 f5 2. Bg5 g6 3. c4 Bg7 4. e3 Nf6 5. Nc3 O-O 6. Nf3 d6 7. Be2 Nc6 8. d5
Ne5 9. Nxe5 dxe5 10. O-O Nd7 11. f3 h6 12. Bh4 g5 13. Bf2 a6 14. Qc2 Qe8 15. b4
f4 16. Bd3 Nf6 17. c5 g4 18. exf4 exf4 19. Bg6 Qd7 20. Qb3 Kh8 21. Rad1 gxf3
22. gxf3 Qh3 23. Ne2 Ng4 24. fxg4 f3 0-1

[Event "Autunno Scacchistico Magistrale"]
[Site "Venezia ITA"]
[Date "2002.10.??"]
[Round "3"]
[White "Ronchetti, Niccolo'"]
[Black "Tomescu, Vlad"]
[Result "0-1"]
[WhiteElo "2233"]
[BlackElo "2432"]
[PlyCount "52"]
[EventDate "2002.10.31"]

1. e4 c5 2. Nf3 Nc6 3. d4 cxd4 4. Nxd4 Nf6 5. Nc3 d6 6. Bc4 e6 7. Be3 a6 8. Bb3
Na5 9. Qe2 b5 10. f3 Qc7 11. g4 Bb7 12. O-O-O Nxb3+ 13. Nxb3 Be7 14. Bd4 O-O
15. g5 Nd7 16. f4 b4 17. Nb1 a5 18. Rhg1 Rfc8 19. Na1 e5 20. fxe5 dxe5 21. Bf2
Nc5 22. Rg4 a4 23. Nd2 a3 24. b3 Ba6 25. Nc4 Na4 26. Be1 Nb2 0-1

[Event "Autunno Scacchistico Magistrale"]
[Site "Venezia ITA"]
[Date "2002.10.??"]
[Round "3"]
[White "Rossato, Armando"]
[Black "Ramesa, Davor"]
[Result "0-1"]
[WhiteElo "2206"]
[BlackElo "2118"]
[PlyCount "102"]
[EventDate "2002.10.31"]

1. d4 Nf6 2. Nf3 g6 3. Nc3 Bg7 4. e4 d6 5. Be3 O-O 6. Be2 Nc6 7. h3 e5 8. Qd2
Bd7 9. O-O exd4 10. Nxd4 Re8 11. f3 Nh5 12. Nxc6 bxc6 13. Bc4 Ng3 14. Rfe1 Qh4
15. Bg5 Bd4+ 16. Kh2 Be5 17. Bxh4 Nxe4+ 18. f4 Nxd2 19. fxe5 Nxc4 20. Ne4 Nxe5
21. Nf6+ Kg7 22. Nxe8+ Rxe8 23. Rf1 Bf5 24. g4 Bxc2 25. Bf6+ Kf8 26. Rac1 Be4
27. Kg3 Nd7 28. Bc3 Bd5 29. Rcd1 Ra8 30. b3 a5 31. h4 a4 32. h5 axb3 33. axb3
Ra3 34. hxg6 hxg6 35. Kh4 Rxb3 36. Ba1 Rb4 37. Kg5 Nc5 38. Rb1 Ne4+ 39. Kh6 c5
40. Bg7+ Ke7 41. Ra1 Rb3 42. Kh7 Rh3+ 43. Bh6 Ng5+ 44. Kg7 Ne6+ 45. Kh7 Be4 46.
Ra7 g5+ 47. Kg8 Rxh6 48. Rxf7+ Ke8 49. Ra8+ Bxa8 50. Re7+ Kd8 51. Re8+ Kd7 0-1

[Event "Autunno Scacchistico Magistrale"]
[Site "Venezia ITA"]
[Date "2002.10.??"]
[Round "3"]
[White "Skembris, Spyridon"]
[Black "Vancini, Edoardo"]
[Result "1-0"]
[WhiteElo "2426"]
[BlackElo "2285"]
[PlyCount "55"]
[EventDate "2002.10.31"]

1. d4 Nf6 2. c4 e6 3. Nf3 Bb4+ 4. Bd2 Qe7 5. Nc3 Bxc3 6. Bxc3 Ne4 7. Rc1 O-O 8.
g3 a5 9. Bg2 d6 10. O-O Nxc3 11. Rxc3 Nd7 12. Qd2 e5 13. Re3 Qf6 14. dxe5 dxe5
15. Qc3 Re8 16. Rd1 e4 17. Rd4 Nc5 18. Nd2 Bf5 19. Rd5 Qxc3 20. bxc3 Red8 21.
Rxf5 Rxd2 22. Rxc5 Rxa2 23. Bxe4 c6 24. Kg2 a4 25. Bb1 Ra1 26. Ra5 Rd8 27. Bc2
a3 28. Re7 1-0

[Event "Autunno Scacchistico Magistrale"]
[Site "Venezia ITA"]
[Date "2002.10.??"]
[Round "3"]
[White "Solinas, Carlo"]
[Black "Mileto, Gabriele"]
[Result "0-1"]
[WhiteElo "2083"]
[BlackElo "2210"]
[PlyCount "82"]
[EventDate "2002.10.31"]

1. e4 e6 2. d4 d5 3. Nc3 Bb4 4. e5 c5 5. a3 Bxc3+ 6. bxc3 Ne7 7. h4 Qa5 8. Bd2
Nbc6 9. h5 h6 10. Qg4 Nf5 11. Nf3 c4 12. Be2 Qa4 13. Ra2 Bd7 14. O-O O-O-O 15.
Qf4 Rdf8 16. g4 Nfe7 17. Rb1 Na5 18. Kf1 Qc6 19. a4 Qc7 20. Bc1 f6 21. Ba3 Be8
22. Bd6 Qd8 23. Qc1 Rf7 24. Qa3 Nec6 25. Qc5 Rg8 26. Rab2 g6 27. exf6 b6 28.
Qb5 Qxd6 29. Qa6+ Kd8 30. Rxb6 axb6 31. Rxb6 Rxf6 32. Ne5 gxh5 33. Qxa5 Nxa5
34. Rxd6+ Kc7 35. Ra6 Nc6 36. Nxc6 Bxc6 37. Ra7+ Bb7 38. Ra5 hxg4 39. Rc5+ Kb8
40. Kg2 h5 41. Kg3 Rgf8 0-1

[Event "Autunno Scacchistico Magistrale"]
[Site "Venezia ITA"]
[Date "2002.10.??"]
[Round "4"]
[White "Artizzu, Giulio"]
[Black "Mileto, Gabriele"]
[Result "1-0"]
[WhiteElo "2044"]
[BlackElo "2210"]
[PlyCount "41"]
[EventDate "2002.10.31"]

1. e4 e6 2. d4 d5 3. Nc3 Bb4 4. e5 c5 5. a3 Bxc3+ 6. bxc3 Ne7 7. Qg4 O-O 8. Bd3
Qa5 9. Bd2 Nbc6 10. Nf3 f5 11. Qh3 Qa4 12. g4 cxd4 13. gxf5 Nxf5 14. Rg1 dxc3
15. Bh6 Rf7 16. Qh5 Kf8 17. Bxf5 exf5 18. Ng5 Nxe5 19. Nxf7 Qe4+ 20. Kd1 Nxf7
21. Bxg7+ 1-0

[Event "Autunno Scacchistico Magistrale"]
[Site "Venezia ITA"]
[Date "2002.10.??"]
[Round "4"]
[White "Bianchi, Andrea"]
[Black "Opacic, Alexandar"]
[Result "1-0"]
[WhiteElo "2131"]
[BlackElo "2088"]
[PlyCount "73"]
[EventDate "2002.10.31"]

1. e4 c5 2. Nf3 Nc6 3. d4 cxd4 4. Nxd4 Nf6 5. Nc3 e5 6. Ndb5 d6 7. Bg5 a6 8.
Na3 b5 9. Nd5 Be7 10. Bxf6 Bxf6 11. c3 Bg5 12. Nc2 O-O 13. a4 bxa4 14. Rxa4 a5
15. h4 Bh6 16. g4 Bf4 17. Nxf4 exf4 18. Qd5 Rb8 19. Qxc6 Rxb2 20. Kd2 Bb7 21.
Qc4 d5 22. Qd4 Bc6 23. Ra1 Qb8 24. e5 a4 25. Bd3 Qb7 26. h5 Ra8 27. h6 g6 28.
e6 fxe6 29. Bxg6 a3 30. Bd3 Ra4 31. Qf6 d4 32. Qxe6+ Kh8 33. Qf6+ Kg8 34. Rh5
dxc3+ 35. Qxc3 Rxc2+ 36. Kxc2 Ra7 37. Rg5+ 1-0

[Event "Autunno Scacchistico Magistrale"]
[Site "Venezia ITA"]
[Date "2002.10.??"]
[Round "4"]
[White "Di Lazzaro, Gabriele"]
[Black "Cristiani, Cesare"]
[Result "1/2-1/2"]
[WhiteElo "1985"]
[BlackElo "2141"]
[PlyCount "81"]
[EventDate "2002.10.31"]

1. e4 e6 2. d4 d5 3. Nd2 Nc6 4. Ngf3 Nf6 5. e5 Nd7 6. c3 a6 7. Bd3 b5 8. O-O
Nb6 9. Re1 Bd7 10. Nf1 Be7 11. Ng3 h5 12. Be3 h4 13. Nf1 Kf8 14. h3 g6 15. N1h2
Kg7 16. Ng4 Nc4 17. Bc1 Rh5 18. b3 Nb6 19. Be3 Na5 20. Qd2 Nb7 21. Nf6 Bxf6 22.
exf6+ Kg8 23. Bg5 Be8 24. Nxh4 Qd7 25. Nf3 c5 26. Ne5 Qc7 27. Rac1 c4 28. Be2
Rh7 29. Qf4 Rc8 30. Bg4 Nd8 31. Bh6 Nd7 32. Bg5 Nxe5 33. dxe5 cxb3 34. axb3 a5
35. h4 a4 36. bxa4 bxa4 37. Qf3 Qc4 38. h5 gxh5 39. Bxh5 Kh8 40. Bg4 Bd7 41.
Qe2 1/2-1/2

[Event "Autunno Scacchistico Magistrale"]
[Site "Venezia ITA"]
[Date "2002.10.??"]
[Round "4"]
[White "Doric, Darko"]
[Black "Genocchio, Daniele"]
[Result "0-1"]
[WhiteElo "2226"]
[BlackElo "2345"]
[PlyCount "50"]
[EventDate "2002.10.31"]

1. d4 g6 2. e4 Bg7 3. Nf3 c5 4. d5 d6 5. c4 e6 6. Bd3 Ne7 7. O-O O-O 8. Nc3
exd5 9. exd5 h6 10. Bd2 Bf5 11. Qc2 Bg4 12. Ne1 Nf5 13. h3 Nd4 14. Qc1 Bf5 15.
Bxh6 Re8 16. Bxg7 Kxg7 17. Bxf5 Nxf5 18. Nf3 Nd7 19. Qf4 Ne5 20. Nxe5 dxe5 21.
Qd2 Qh4 22. b3 Nd4 23. Qd3 e4 24. Qg3 Qf6 25. Rae1 Nf5 0-1

[Event "Autunno Scacchistico Magistrale"]
[Site "Venezia ITA"]
[Date "2002.10.??"]
[Round "4"]
[White "Maksimenko, Andrei"]
[Black "Skembris, Spyridon"]
[Result "1/2-1/2"]
[WhiteElo "2507"]
[BlackElo "2426"]
[PlyCount "101"]
[EventDate "2002.10.31"]

1. Nf3 Nf6 2. c4 e6 3. Nc3 d5 4. d4 c6 5. Bg5 Nbd7 6. e3 Qa5 7. Nd2 Bb4 8. Qc2
dxc4 9. Bxf6 Nxf6 10. Nxc4 Qc7 11. g3 O-O 12. a3 Bxc3+ 13. Qxc3 c5 14. dxc5 Qc6
15. Rg1 Qxc5 16. Qe5 Qxe5 17. Nxe5 Bd7 18. Nxd7 Nxd7 19. O-O-O Nf6 20. Bg2
Rac8+ 21. Kb1 Rc7 22. Rc1 Re7 23. Rgd1 g6 24. Rc4 h5 25. h3 Kg7 26. Ka2 Rb8 27.
Kb3 Kf8 28. Ra4 b6 29. Rc4 Ne8 30. Rc6 Reb7 31. Rc3 Re7 32. Rc6 Reb7 33. Rc3
Re7 34. Rd2 Nc7 35. Kc2 Ne8 36. Bf3 a6 37. Kb3 Ra7 38. Rcd3 Ke7 39. Rc3 Rc7 40.
Rxc7+ Nxc7 41. Rc2 Kd6 42. Rd2+ Ke7 43. Rc2 Kd6 44. h4 Nd5 45. Rd2 f5 46. e4
fxe4 47. Bxe4 Rg8 48. f4 Kc5 49. Kc2 a5 50. Kd3 Ne7 51. Ke3 1/2-1/2

[Event "Autunno Scacchistico Magistrale"]
[Site "Venezia ITA"]
[Date "2002.10.??"]
[Round "4"]
[White "Mufic, Goran"]
[Black "Ramesa, Davor"]
[Result "1/2-1/2"]
[WhiteElo "2354"]
[BlackElo "2118"]
[PlyCount "22"]
[EventDate "2002.10.31"]

1. a3 a6 2. g3 Nf6 3. c4 e5 4. Nc3 g6 5. Bg2 Bg7 6. Nf3 d6 7. d4 Nbd7 8. O-O
O-O 9. e4 c6 10. Re1 Qe7 11. h3 b5 1/2-1/2

[Event "Autunno Scacchistico Magistrale"]
[Site "Venezia ITA"]
[Date "2002.10.??"]
[Round "4"]
[White "Navarro, Stefano"]
[Black "Molina, Fabrizio"]
[Result "0-1"]
[WhiteElo "2126"]
[BlackElo "2253"]
[PlyCount "112"]
[EventDate "2002.10.31"]

1. e4 e6 2. d3 c5 3. Nf3 Nc6 4. g3 d6 5. Bg2 g6 6. O-O Bg7 7. c3 Nge7 8. Be3
O-O 9. Qd2 Qc7 10. Bh6 e5 11. Bxg7 Kxg7 12. Nh4 Be6 13. Na3 f6 14. Nc2 d5 15.
f4 Rad8 16. f5 Bg8 17. Qf2 dxe4 18. dxe4 Na5 19. fxg6 hxg6 20. b3 Rd3 21. c4
Qd6 22. Ne3 Qd4 23. Nd5 Bxd5 24. cxd5 Nc8 25. Nf3 Qxf2+ 26. Rxf2 Nd6 27. Re1
Rc8 28. Bf1 Rc3 29. Nd2 Rc2 30. Nc4 Rxc4 31. bxc4 Naxc4 32. Bxc4 Nxc4 33. a4
Nd6 34. Rc2 b6 35. Kf2 c4 36. Ke3 f5 37. exf5 gxf5 38. Kf3 Kf6 39. g4 f4 40. h4
Rc5 41. Rd1 Ra5 42. Ra2 b5 43. Rb1 bxa4 44. Rd1 a3 45. Rda1 Rxd5 46. Rxa3 a5
47. Ke2 e4 48. Rxa5 Nb5 49. Ra6+ Ke5 50. Rc1 c3 51. h5 Rd2+ 52. Kf1 c2 53. Ke1
e3 54. Ra5 Ke4 55. Rxb5 Rh2 56. Rxc2 Rh1+ 0-1

[Event "Autunno Scacchistico Magistrale"]
[Site "Venezia ITA"]
[Date "2002.10.??"]
[Round "4"]
[White "Pastres, Roberto"]
[Black "Drazic, Sinisa"]
[Result "0-1"]
[WhiteElo "2195"]
[BlackElo "2465"]
[PlyCount "61"]
[EventDate "2002.10.31"]

1. Nf3 c5 2. e4 e6 3. d3 Nc6 4. Nbd2 d5 5. g3 g6 6. Bg2 Bg7 7. O-O Nge7 8. Re1
O-O 9. c3 h6 10. h4 e5 11. Qc2 Be6 12. exd5 Bxd5 13. Nc4 e4 14. Rxe4 Bxe4 15.
dxe4 b5 16. Ne3 Qd7 17. Bf1 c4 18. b3 cxb3 19. axb3 b4 20. Bb2 bxc3 21. Bxc3
Rfd8 22. Bc4 Nb4 23. Bxb4 Bxa1 24. e5 Nf5 25. g4 Qb7 26. gxf5 Qxf3 27. fxg6
Bxe5 28. gxf7+ Kg7 29. Nf5+ Kh8 30. Be2 Qf4 31. Ng3 0-1

[Event "Autunno Scacchistico Magistrale"]
[Site "Venezia ITA"]
[Date "2002.10.??"]
[Round "4"]
[White "Pechy, Alaster"]
[Black "Ronchetti, Niccolo'"]
[Result "0-1"]
[WhiteElo "1900"]
[BlackElo "2233"]
[PlyCount "84"]
[EventDate "2002.10.31"]

1. d4 Nf6 2. c4 e6 3. Nf3 c5 4. d5 b5 5. dxe6 fxe6 6. cxb5 Bb7 7. Nc3 d5 8. e3
Bd6 9. Be2 O-O 10. Qb3 Nbd7 11. Bd2 Kh8 12. O-O-O Qe7 13. Be1 Rfb8 14. Ng5 a6
15. Qc2 Nb6 16. Bh5 Rf8 17. bxa6 Bxa6 18. h4 Nc4 19. Rxd5 exd5 20. Nxd5 Qb7 21.
Nxf6 gxf6 22. Bf3 Qxb2+ 23. Qxb2 Nxb2 24. Bxa8 Nd3+ 25. Kc2 Nxe1+ 26. Rxe1 fxg5
27. Bf3 g4 28. Bxg4 Rxf2+ 29. Kb3 c4+ 30. Kc3 Rxa2 31. Be6 Be5+ 32. Kb4 Rb2+
33. Kc5 c3 34. Bc4 c2 35. Rc1 Bc3 36. Bb3 Bd3 37. Bxc2 Rxc2 38. Rd1 Rd2 39. Rc1
Rc2 40. Rd1 Bg6 41. Kc4 Bf6+ 42. Kb3 Rxg2 0-1